Globalización y territorio: impactos y perspectivas

Salvato in:
Dettagli Bibliografici
Autori principali: Mattos, Carlos A. de (autor), Hiernaux Nicolas, Daniel (Autore), Restrepo Botero, Darío (Autore)
Natura: Libro
Lingua:spagnolo
Pubblicazione: Santiago Universidad Católica de Chile 1998
Soggetti:
Tags: Aggiungi Tag
Nessun Tag, puoi essere il primo ad aggiungerne!!

MARC

LEADER 00000nam a2200000 a 4500
001 UCQ2605
003 CL-VaPUC
008 980724e19980000CL |||||||||||||||||spa|d
082 0 4 |a 341.42  |b MAT  |2 21 
100 |a Mattos, Carlos A. de  |e autor  |9 569892 
700 |a Hiernaux Nicolas, Daniel  |e author  |9 587288 
700 0 |a Restrepo Botero, Darío  |e author  |9 416603 
245 1 0 |a Globalización y territorio: impactos y perspectivas 
300 |a 563 p 
942 |c BK 
945 |d 19980724 00:00:00  |a aarredon 
260 |a Santiago  |b Universidad Católica de Chile  |c 1998 
650 7 |a TERRITORIO NACIONAL  |2 CL-VaPUC  |9 416604 
650 0 |a Globalización  |9 361930 
650 0 |a Estado  |9 255503 
650 7 |a RELACIONES COMERCIALES  |2 CL-VaPUC  |9 322074 
650 0 |a Territorio  |9 378883 
650 0 |a Regionalización   |9 255465 
650 0 |a Integración   |9 316470 
651 7 |a CHILE  |2 CL-VaPUC  |9 416605 
651 0 |a Argentina  |9 254888 
651 0 |a Brasil  |9 267393 
583 |a last modification  |c 19980724 00:00:00  |k Rodrigo Vera 
999 |c 273403  |d 273401 
952 |0 0  |1 0  |4 0  |6 341_420000000000000_MAT_1998  |7 0  |8 A  |9 308940  |a BIBING  |b BIBING  |d 2019-11-20  |i 3446212  |o 341.42 MAT 1998  |p 3446212  |r 2025-01-20  |w 2019-11-20  |y BK  |k GEO